The hills of Angheri / (Record no. 26200)

MARC details
000 -LEADER
fixed length control field 00769nam a22002177a 4500
005 - DATE AND TIME OF LATEST TRANSACTION
control field 20190713155128.0
010 ## - LCCN (DPL NO)
LC control number B-285026, B-217978
020 ## - INTERNATIONAL STANDARD BOOK NUMBER
International Standard Book Number 0143032712
Terms of availability 350.00
020 ## - INTERNATIONAL STANDARD BOOK NUMBER
International Standard Book Number 9780143032717
Terms of availability 350.00
035 ## - SYSTEM CONTROL NUMBER
System control number B-285026, B-217959, B-217963, B-217963, B-217978, B-217975
035 ## - SYSTEM CONTROL NUMBER
System control number B-217965
037 ## - SOURCE OF ACQUISITION
Source of stock number/acquisition UBH (Vender)
082 ## - DEWEY DECIMAL CLASSIFICATION NUMBER
Classification number N
100 ## - MAIN ENTRY--PERSONAL NAME
Personal name Nambisan, Kavery
245 ## - TITLE STATEMENT
Title The hills of Angheri /
Statement of responsibility, etc by Kavery Nambisan
260 ## - PUBLICATION, DISTRIBUTION, ETC. (IMPRINT)
Place of publication, distribution, etc New Delhi
Name of publisher, distributor, etc Penguin Books
Date of publication, distribution, etc 2005
270 ## - ADDRESS
Address 11 Community Centre, Panchsheel Park
City New Delhi
Postal code 110017
300 ## - PHYSICAL DESCRIPTION
Extent 392p.
Dimensions 20cm. (pbk)
942 ## - ADDED ENTRY ELEMENTS (KOHA)
Source of classification or shelving scheme Dewey Decimal Classification
Item type English Books
Classification part N
Call number suffix NAM
Holdings
Withdrawn status Lost status Not for loan Collection code Home library Current library Date acquired Source of acquisition Cost, normal purchase price Full call number Barcode Copy number Cost, replacement price Koha item type
      Fiction Patel Nagar Patel Nagar 10/07/2018 BPPD/Pub 350.00 N NAM B-217959   350.00 English Books
      Fiction R.C.Libraries (zls) R.C.Libraries (zls) 09/11/2018   350.00 N NAM B-217978 1 350.00 English Books
      Fiction R.K.Puram-8 R.K.Puram-8 13/07/2019 BPPD/Purchase 350.00 N NAM B-217965 1 350.00 English Books
      Fiction Shahdara Branch Shahdara Branch 26/07/2018 BPPD/PUB 350.00 N NAM B-217963   350.00 English Books
      Fiction Vigyan Vihar Vigyan Vihar 25/02/2019 BPPD/PUB 350.00 N NAM B-217975   350.00 English Books
      Fiction Vinoba Puri Vinoba Puri 11/05/2009 UBH/143/25.8.08/187/21.7.08/29.8.08 350.00 N NAM B-285026 1 350.00 English Books

© Delhi Public Library
Hit Counter
free hit counter